Legislacin̤ y polt̕icas pb︢licas en biotecnologa̕ en Mx̌ico

Detalles Bibliográficos
Autor principal: Alvarez Lp̤ez, Gloria Margarita
Formato: eBook
Lenguaje:español
Publicado: Ciudad de Mx̌ico: Cm̀ara de Diputados, 2009
Materias:
Acceso en línea:Acceso restringido

MARC

LEADER 00000nam a22000007a 4500
005 20170822214913.0
007 cr|||| ||||
008 170822s2009 mx |||||s||||f00||0 spa d
020 |a 978-607-95388-0-4 
035 |a 20423 
040 |a vLex 
090 |c 6828  |d 6828 
100 1 |a Alvarez Lp̤ez, Gloria Margarita 
245 1 0 |a Legislacin̤ y polt̕icas pb︢licas en biotecnologa̕ en Mx̌ico  |h [Recurso electrn̤ico] /  |c Gloria Margarita Alvarez Lp̤ez 
256 |a Servicio en ln̕ea 
260 |a Ciudad de Mx̌ico:  |b Cm̀ara de Diputados,  |c 2009 
300 |a 1 recurso electrn̤ico 
506 1 |a Disponible solo en los productos indicados  |d vLex Global  |d vLex Global (Academic Edition, excluding Law Schools)  |d vLex Global (U.S. Academic Edition, Law Schools)  |d vLex Global (U.S. Academic Edition, excluding Law Schools)  |d vLex Global (Academic Edition, Law Schools) 
650 0 4 |a Derecho Laboral y Seguridad Social  |z Mx̌ico 
650 0 4 |a Derecho Pb︢lico y Administrativo  |z Mx̌ico 
740 0 |a vLex Libros (Servicio en ln̕ea) 
856 4 0 |u http://vlex.com/source/legislacion-y-politicas-publicas-en-biotecnologia-en-mexico-20423  |z Acceso restringido 
942 |c BOOK 
999 0 |a Labor Law and Social Security 
999 0 |a Public and Administrative Law